[Event "Loire-ch op 0506"]
[Site "Loire"]
[Date "2006.03.04"]
[Round "6"]
[White "Maestracci, Olivier"]
[Black "Jedidi, Brahim"]
[Result "1-0"]
[WhiteElo "1699"]
[BlackElo "1810"]
[PlyCount "57"]
[EventDate "2005.11.27"]
[EventType "swiss"]
[EventRounds "6"]
[EventCountry "FRA"]
[SourceTitle "EXT 2008"]
[Source "ChessBase"]
[SourceDate "2007.11.25"]
[SourceVersion "1"]
[SourceVersionDate "2007.11.25"]
[SourceQuality "1"]

1. e4 g6 2. d4 Bg7 3. Nf3 d5 4. e5 e6 5. Bd3 Nd7 6. 0-0 c5 7. c3 Ne7 8. Bg5 Qb6 9. Qc2 c4 10. Be2 Nf5 11. Kh1 a5 12. a4 Qc6 13. Na3 b6 14. Qd2 Ba6 15. Nc2 0-0 16. Ne3 Nxe3 17. Bxe3 Rfb8 18. Bh6 Bh8 19. h4 b5 20. h5 Nf8 21. Nh4 Qe8 22. Qg5 Ra7 23. f4 Qe7 24. Qg4 Bg7 25. Bxg7 Kxg7 26. f5 Kh8 27. f6 Qe8 28. Qg5 bxa4 29. Qh6 1-0